[Event "Syre Memorial op 35th"]
[Site "Issy les Moulineaux"]
[Date "2012.05.17"]
[Round "2"]
[White "Lucas, Jean Christian"]
[Black "Walinga, Eric Jan"]
[Result "1-0"]
[WhiteElo "2189"]
[BlackElo "2007"]
[PlyCount "51"]
[EventDate "2012.05.17"]
[EventType "swiss"]
[EventRounds "6"]
[EventCountry "FRA"]
[SourceTitle "EXT 2015"]
[Source "ChessBase"]
[SourceDate "2014.11.20"]
[SourceVersion "1"]
[SourceVersionDate "2014.11.20"]
[SourceQuality "1"]

1. e4 Nf6 2. e5 Nd5 3. c4 Nb6 4. c5 Nd5 5. Bc4 e6 6. Nc3 Nxc3 7. dxc3 Nc6 8. Bf4 b6 9. cxb6 cxb6 10. Nf3 Bb7 11. Qd2 Qc7 12. Be2 Be7 13. Rd1 h6 14. h4 0-0-0 15. h5 g5 16. hxg6 fxg6 17. Rxh6 Rxh6 18. Bxh6 Rh8 19. Qf4 a6 20. g4 g5 21. Bxg5 Rf8 22. Qd2 Rxf3 23. Bxf3 Nxe5 24. Be2 Qd8 25. Bxe7 Qxe7 26. Qd6 1-0

[Event "FRA-chT2 1011"]
[Site "France"]
[Date "2010.11.14"]
[Round "3.5"]
[White "Kambrath, Yannick"]
[Black "Lucas, Jean Christian"]
[Result "1-0"]
[WhiteElo "2044"]
[BlackElo "2110"]
[PlyCount "65"]
[EventDate "2010.10.17"]
[EventType "team-tourn"]
[EventRounds "11"]
[EventCountry "FRA"]
[SourceTitle "EXT 2012"]
[Source "ChessBase"]
[SourceDate "2011.11.24"]
[SourceVersion "1"]
[SourceVersionDate "2011.11.24"]
[SourceQuality "1"]

1. d4 Nf6 2. c4 g6 3. Nc3 d5 4. Bf4 Bg7 5. e3 c5 6. dxc5 Qa5 7. Rc1 0-0 8. cxd5 Ne4 9. Nge2 Nxc5 10. a3 Ne4 11. f3 Nxc3 12. Nxc3 Nd7 13. Be2 Nb6 14. e4 Na4 15. Bd2 Nxc3 16. Bxc3 Bxc3+ 17. Rxc3 Bd7 18. Qb3 Rfc8 19. Qb4 Qd8 20. 0-0 a5 21. Qd4 b5 22. Rfc1 Rcb8 23. Rc7 b4 24. e5 bxa3 25. bxa3 Rb3 26. d6 exd6 27. exd6 Rxa3 28. Bc4 Ra4 29. Qe5 Rb8 30. Bd5 Rb5 31. Bxf7+ Kxf7 32. Qxb5 Ke6 33. Rxd7 1-0

[Event "FRA-chT2 1011"]
[Site "France"]
[Date "2010.10.17"]
[Round "1.3"]
[White "Lucas, Jean Christian"]
[Black "Leclercq, Benoit"]
[Result "0-1"]
[WhiteElo "2127"]
[BlackElo "2091"]
[PlyCount "108"]
[EventDate "2010.10.17"]
[EventType "team-tourn"]
[EventRounds "11"]
[EventCountry "FRA"]
[SourceTitle "EXT 2012"]
[Source "ChessBase"]
[SourceDate "2011.11.24"]
[SourceVersion "1"]
[SourceVersionDate "2011.11.24"]
[SourceQuality "1"]

1. e4 c5 2. Nf3 Nc6 3. d4 cxd4 4. Nxd4 e5 5. Nb5 a6 6. Nd6+ Bxd6 7. Qxd6 Qe7 8. Qxe7+ Ngxe7 9. c3 d5 10. exd5 Nxd5 11. Bc4 Be6 12. 0-0 Nc7 13. Na3 b5 14. Bxe6 Nxe6 15. Nc2 Ke7 16. Be3 Rhd8 17. Rfd1 Rab8 18. Kf1 g5 19. Ke2 f5 20. f3 h5 21. h3 Nf4+ 22. Bxf4 gxf4 23. Rxd8 Rxd8 24. a4 Rg8 25. Kf1 Rd8 26. axb5 axb5 27. Ke2 Rg8 28. Ne1 Kd6 29. Ra6 Kd5 30. b3 e4 31. Rb6 Rb8 32. Ra6 b4 33. cxb4 Rxb4 34. Nc2 Nd4+ 35. Nxd4 Kxd4 36. Ra5 Rxb3 37. Rxf5 exf3+ 38. gxf3 Rb2+ 39. Ke1 Ke3 40. Re5+ Kxf3 41. Rxh5 Rb1+ 42. Kd2 Kf2 43. Rf5 f3 44. Rf7 Rb4 45. Rd7 Rh4 46. Rd8 Rxh3 47. Rf8 Rh6 48. Rd8 Re6 49. Rd7 Kf1 50. Rd8 Re4 51. Rd7 Rg4 52. Rf7 f2 53. Ke3 Rg3+ 54. Kd2 Kg1 0-1

[Event "Syre Memorial op 32nd"]
[Site "Issy les Moulineaux"]
[Date "2009.05.23"]
[Round "4"]
[White "Bacani, Ricardo"]
[Black "Lucas, Jean Christian"]
[Result "1-0"]
[WhiteElo "1905"]
[BlackElo "2108"]
[PlyCount "58"]
[EventDate "2009.05.21"]
[EventType "swiss"]
[EventRounds "6"]
[EventCountry "FRA"]
[SourceTitle "EXT 2010"]
[Source "ChessBase"]
[SourceDate "2010.11.25"]
[SourceVersion "1"]
[SourceVersionDate "2010.11.25"]
[SourceQuality "1"]

1. e4 c5 2. Nf3 Nc6 3. d4 cxd4 4. Nxd4 e5 5. Nb5 a6 6. Nd6+ Bxd6 7. Qxd6 Qf6 8. Qa3 Nge7 9. Be3 d5 10. exd5 Nxd5 11. Nd2 Nxe3 12. Qxe3 0-0 13. Bd3 Nb4 14. 0-0 Nxd3 15. cxd3 Qf5 16. Ne4 Rd8 17. f4 exf4 18. Rxf4 Qd5 19. Raf1 f5 20. Ng3 g6 21. Rc1 b5 22. Rc7 Bb7 23. Rf2 Rac8 24. Qe7 Rxc7 25. Qxc7 Rc8 26. Qf4 Re8 27. h4 Qxd3 28. h5 Qe3 29. Qc7 Qxg3 1-0

[Event "FRA-chT2B 0506"]
[Site "France"]
[Date "2005.11.20"]
[Round "3.5"]
[White "Larrat, Philippe"]
[Black "Lucas, Jean Christian"]
[Result "1/2-1/2"]
[WhiteElo "2167"]
[BlackElo "2135"]
[PlyCount "164"]
[EventDate "2005.10.27"]
[EventType "team-tourn"]
[EventRounds "11"]
[EventCountry "FRA"]
[SourceTitle "EXT 2006"]
[Source "ChessBase"]
[SourceDate "2005.11.24"]
[SourceVersion "1"]
[SourceVersionDate "2005.11.24"]
[SourceQuality "1"]
[WhiteTeam "Creteil  II"]
[BlackTeam "Rueil Malmaison"]
[WhiteTeamCountry "FRA"]
[BlackTeamCountry "FRA"]

1. e4 c5 2. c3 d5 3. exd5 Qxd5 4. d4 e6 5. Na3 cxd4 6. Nb5 Qd8 7. Bf4 Na6 8. Qa4 Bd7 9. Qxd4 Qb6 10. Qxb6 axb6 11. Be3 Bc5 12. Bxc5 bxc5 13. Nd6+ Ke7 14. Nxb7 Bc6 15. Na5 Bd5 16. Nc4 Nc7 17. Nb6 Rb8 18. Nxd5+ Nxd5 19. 0-0-0 Ngf6 20. Bd3 Nf4 21. g3 Nxd3+ 22. Rxd3 Ng4 23. Nh3 c4 24. Rd4 Ne5 25. Kc2 Rhc8 26. Rhd1 Rc7 27. Nf4 g5 28. Nh3 Nf3 29. Re4 Rc6 30. Re3 g4 31. Nf4 Kf6 32. h3 Rcb6 33. Rb1 gxh3 34. Nxh3 Ne5 35. Nf4 Kf5 36. b4 cxb3+ 37. Rxb3 Nc4 38. Re1 Ra8 39. Rxb6 Nxb6 40. Kb3 Rb8 41. Kc2 Na4 42. Re2 e5 43. Nd3 f6 44. Nb4 h5 45. Re1 Nc5 46. Ra1 Ra8 47. Nd3 Na4 48. Nb2 Nc5 49. a4 Kg4 50. Rh1 Kf3 51. Rxh5 Kxf2 52. Nd3+ Nxd3 53. Kxd3 Rxa4 54. Rf5+ Kxg3 55. Rxf6 e4+ 56. Ke3 Rc4 57. Rg6+ Kh4 58. Kd2 Kh3 59. Kc2 Ra4 60. Kb2 Kh4 61. Rg8 Kh5 62. Rg7 Kh6 63. Rg8 Kh5 64. Kb3 Ra1 65. Re8 Re1 66. Kc2 Kg6 67. Kd2 Kf7 68. Re5 Kf6 69. Re8 Kf7 70. Ra8 Rh1 71. Ra4 Rh2+ 72. Ke3 Rh3+ 73. Kd4 Rd3+ 74. Kc4 Rd7 75. Kb3 e3 76. Rf4+ Ke8 77. Re4+ Re7 78. Rxe7+ Kxe7 79. Kc2 Ke6 80. Kd3 Ke5 81. Kxe3 Kd5 82. Kd2 Kc5 1/2-1/2

[Event "FRA-chT2B 0506"]
[Site "France"]
[Date "2005.10.16"]
[Round "1.8"]
[White "Lucas, Jean Christian"]
[Black "Congiu, Mathilde"]
[Result "1/2-1/2"]
[WhiteElo "2135"]
[BlackElo "2097"]
[PlyCount "122"]
[EventDate "2005.10.27"]
[EventType "team-tourn"]
[EventRounds "11"]
[EventCountry "FRA"]
[SourceTitle "EXT 2006"]
[Source "ChessBase"]
[SourceDate "2005.11.24"]
[SourceVersion "1"]
[SourceVersionDate "2005.11.24"]
[SourceQuality "1"]
[WhiteTeam "Rueil Malmaison"]
[BlackTeam "Pontoise"]
[WhiteTeamCountry "FRA"]
[BlackTeamCountry "FRA"]

1. e4 c5 2. Nf3 g6 3. d4 cxd4 4. Nxd4 Bg7 5. Nc3 Nc6 6. Nxc6 bxc6 7. Bc4 d6 8. 0-0 Qc7 9. Kh1 Nf6 10. Qe2 0-0 11. f4 Bg4 12. Qd3 d5 13. exd5 Rad8 14. d6 Rxd6 15. Qg3 Bf5 16. Qf2 Qd7 17. h3 Ne4 18. Nxe4 Bxe4 19. Kh2 Qb7 20. c3 Bd3 21. Bxd3 Rxd3 22. Be3 Rfd8 23. Qe2 c5 24. Rad1 Qe4 25. Rxd3 Rxd3 26. Re1 Bh6 27. g3 Qd5 28. Bd4 Qf5 29. Bf2 e6 30. Kg1 c4 31. Bd4 g5 32. Qe4 Qxe4 33. Rxe4 gxf4 34. Bf6 f3 35. Kf2 Bg7 36. Bxg7 Kxg7 37. Rxc4 Rd2+ 38. Kxf3 Rxb2 39. Ra4 Rb7 40. Ke3 Kf6 41. c4 Rc7 42. Kd3 Ke5 43. Ra5+ Kf6 44. Kd4 Kg6 45. a4 f5 46. Ra6 Kf7 47. c5 Ke7 48. Rd6 Rd7 49. Rxd7+ Kxd7 50. Ke5 Kc6 51. Kxe6 Kxc5 52. Kxf5 a5 53. h4 Kb4 54. h5 Kxa4 55. g4 Kb4 56. g5 a4 57. g6 hxg6+ 58. hxg6 a3 59. g7 a2 60. g8Q a1Q 61. Qb8+ Kc3 1/2-1/2

[Event "FRA-chT2S 0203"]
[Site "France"]
[Date "2003.??.??"]
[Round "5.6"]
[White "Lebrun, Benoit"]
[Black "Lucas, Jean Christian"]
[Result "1-0"]
[WhiteElo "2207"]
[BlackElo "2214"]
[PlyCount "57"]
[EventDate "2002.10.??"]
[EventType "team"]
[EventRounds "11"]
[EventCountry "FRA"]
[SourceTitle "EXT 2004"]
[Source "ChessBase"]
[SourceDate "2003.11.25"]
[SourceVersion "1"]
[SourceVersionDate "2003.11.25"]
[SourceQuality "1"]
[WhiteTeam "Maromme"]
[BlackTeam "Issy les Moulineaux"]
[WhiteTeamCountry "FRA"]
[BlackTeamCountry "FRA"]

1. e4 c5 2. Nc3 Nc6 3. g3 g6 4. Bg2 Bg7 5. d3 d6 6. Be3 e6 7. Qd2 Nge7 8. Bh6 0-0 9. h4 f6 10. Bxg7 Kxg7 11. g4 Nd4 12. Nce2 Nec6 13. c3 Nxe2 14. Nxe2 e5 15. g5 Be6 16. f4 Qe7 17. f5 Bd7 18. Ng3 Rf7 19. 0-0-0 Rg8 20. Bh3 Kf8 21. gxf6 Qxf6 22. fxg6 Qxg6 23. Bxd7 Qxg3 24. Be6 Rf2 25. Rhf1 Ke7 26. Qxf2 Qxf2 27. Rxf2 Kxe6 28. Rdf1 Nd8 29. Rf6+ 1-0

[Event "Le Touquet op 17th"]
[Site "Le Touquet"]
[Date "2002.10.27"]
[Round "1"]
[White "Clery, Nicolas"]
[Black "Lucas, Jean Christian"]
[Result "1-0"]
[WhiteElo "2333"]
[BlackElo "2214"]
[PlyCount "55"]
[EventDate "2002.10.27"]
[EventType "swiss"]
[EventRounds "9"]
[EventCountry "FRA"]
[SourceTitle "EXT 2003"]
[Source "ChessBase"]
[SourceDate "2002.11.25"]
[SourceVersion "1"]
[SourceVersionDate "2002.11.25"]
[SourceQuality "1"]

1. Nf3 e6 2. e4 d5 3. e5 c5 4. b4 Qb6 5. bxc5 Qxc5 6. Ba3 Qc7 7. Bxf8 Kxf8 8. d4 Nc6 9. c3 f6 10. exf6 Nxf6 11. Bb5 Bd7 12. 0-0 Ne4 13. Nfd2 Nf6 14. Nf3 Ne4 15. Bd3 Nf6 16. Re1 g6 17. Nbd2 Kg7 18. Ne5 Rhe8 19. Ndf3 Rac8 20. Ng5 Nd8 21. Bxg6 hxg6 22. Qd3 Ne4 23. Nxe4 dxe4 24. Qxe4 Bc6 25. Qxg6+ Kf8 26. Qf6+ Nf7 27. Re3 Qe7 28. Ng6+ 1-0